000 00565nam a22001817a 4500
005 20241206115410.0
010 _aENG-142884
020 _a9789393166050
_c1200.00
035 _aEN-126416
037 _bDBAD
082 _a305.4
_21
245 _aWomen in 21st Century/
_cEdited by Ruchi Ramesh
260 _aKanpur
_bSocial research foundation
270 _bkanpur
_a128/170,H-block,kidwai nagar
_e208011
_k0512-2600745
_k9335332333
300 _a11,180p.
_c21cm (hbk)
700 _aRamesh, Ruchi
_eEditor
_974771
942 _2ddc
_cEN
_h305.4
_mWOM
999 _c207457
_d207457